LEADER 01312nam0 22003011i 450 001 UON00044110 005 20231205102158.630 010 $a39-271-2077-4 100 $a20020107d1999 |0itac50 ba 101 $ager 102 $aDE 105 $a|||| 1|||| 200 1 $aˆDie ‰Bildersprache der akkadischen epik$fMichael P. Streck 210 $aMunster$cUgaritic verlag$d1999 215 $a258 p.$d19 cm 316 $aFatt. 3999 19.8.99$5IT-UONSI VOASERIE001/(264) 410 1$1001UON00000604$12001 $aAlter Orient und Altes Testament$eVeroffentlichungen zur Kultur und Geschichte des Alten Orients und des Alten Testaments$fHrsg. Manfried Dietrech, Oswald Loretz$v264 606 $aFILOLOGIA ACCADICA$xEPOS$3UONC012811$2FI 620 $aDE$dMünster$3UONL001022 686 $aSERIE VOA$cVICINO ORIENTE ANTICO-SERIE$2A 700 1$aStreck$bMichael P.$3UONV028039$00 712 $aUgarit-Verlag$3UONV251297$4650 801 $aIT$bSOL$c20240220$gRICA 899 $aSIBA - SISTEMA BIBLIOTECARIO DI ATENEO$2UONSI 912 $aUON00044110 950 $aSIBA - SISTEMA BIBLIOTECARIO DI ATENEO$dSI VOA SERIE 001 (264) $eSI SA 91282 5 (264) Fatt. 3999 19.8.99 996 $aBildersprache der akkadischen epik$91157599 997 $aUNIOR LEADER 02184oas 2200685 a 450 001 9910690653403321 005 20251105213014.0 035 $a(OCoLC)41385176 035 $a(CONSER)sn 99015212 035 $a(CKB)5470000002339779 035 $a(EXLCZ)995470000002339779 100 $a19990518a19uu9999 sa a 101 0 $aeng 135 $auranu|||||||| 181 $ctxt$2rdacontent 182 $cc$2rdamedia 183 $acr$2rdacarrier 200 10$aCold storage /$f[National Agricultural Statistics Service, Agricultural Statistics Board, U.S. Department of Agriculture] 210 $aWashington, D.C. $cThe Service 225 1 $a-July 18, 1999: CoSt ;$v1 225 1 $aMar. 20, 1998- : CoSt ;$v1 330 $aContains regional and national end-of-month stocks of meats, dairy products, poultry products, fruits, nuts, and vegetables in public, private and semi-private refrigerated warehouses. 410 0$aCoSt (Series) ;$v1. 517 1 $aCold storage (PCS-BB) 531 0 $aCold storage 606 $aProduce trade$zUnited States$vStatistics$vPeriodicals 606 $aCold storage$zUnited States$vStatistics$vPeriodicals 606 $aCold storage$2fast$3(OCoLC)fst00867003 606 $aProduce trade$2fast$3(OCoLC)fst01078136 607 $aUnited States$2fast$1https://id.oclc.org/worldcat/entity/E39PBJtxgQXMWqmjMjjwXRHgrq 608 $aPeriodicals.$2fast 608 $aStatistics.$2fast 608 $aStatistics.$2lcgft 615 0$aProduce trade 615 0$aCold storage 615 7$aCold storage. 615 7$aProduce trade. 676 $a338 712 02$aUnited States.$bNational Agricultural Statistics Service. 712 02$aUnited States.$bAgricultural Statistics Board. 801 0$bAGL 801 1$bAGL 801 2$bOCLCQ 801 2$bGPO 801 2$bOCLCQ 801 2$bNSD 801 2$bOCLCQ 801 2$bOCLCF 801 2$bOCLCO 801 2$bOCLCQ 801 2$bAGL 801 2$bOCLCO 801 2$bOCLCQ 801 2$bSFB 801 2$bOCLCL 801 2$bOCLCQ 906 $aJOURNAL 912 $a9910690653403321 996 $aCold storage$93425918 997 $aUNINA